| LEADER : 00000nas 2200000uu 4500 |
| 001 13399122285 |
| 003 ULIB |
| 008 020711s|||| th a 000 0 tha d |
| 022 01256882 |
| 110 โรงพยาบาลชลบุรี |
| 245 วารสารโรงพยาบาลชลบุรี (วิทยาเขตนครสวรรค์)/^cโรงพยาบาลชลบุรี |
| 260 ชลบุรี :^bโรงพยาบาลชลบุรี,^cม.ป.ป. |
| 310 ^aรายสี่เดือน |
| 850 ^a ULIB:campus^bปีที่ 43 ฉบับที่ 3 ฉ.1 ;ปีที่ 43 ฉบับที่ 1 ฉ.1 ;ปีที่ 44 ฉบับที่ 1 ฉ.1 ;ปีที่ 37 ฉบับที่ 3 ;ปีที่ 38 ฉบับที่ 1 ;ปีที่ 38 ฉบับที่ 2 ;ปีที่ 38 ฉบับที่ 3 ;ปีที่ 39 ฉบับที่ 1 ;ปีที่ 39 ฉบับที่ 3 ฉ.1 ;ปีที่ 40 ฉบับที่ 1 ฉ.1 ;ปีที่ 40 ฉบับที่ 2 ฉ.1 ;ปีที่ 40 ฉบับที่ 3 ฉ.1 ;ปีที่ 41 ฉบับที่ 1 ฉ.1 ;ปีที่ 41 ฉบับที่ 3 ฉ.1 ;ปีที่ 42 ฉบับที่ 1 ฉ.1 ;ปีที่ 42 ฉบับที่ 2 ฉ.1 ;ปีที่ 42 ฉบับที่ 3 ฉ.1 ;ปีที่ 44 ฉบับที่ 2 ฉ.1 ;ปีที่ 44 ฉบับที่ 3 ฉ.1 ;ปีที่ 45 ฉบับที่ 1 ฉ.1 ;ปีที่ 45 ฉบับที่ 2 ฉ.1 ;ปีที่ 45 ฉบับที่ 3 ฉ.1 ;ปีที่ 46 ฉบับที่ 1 ฉ.1 ;ปีที่ 46 ฉบับที่ 2 ฉ.1 ;ปีที่ 46 ฉบับที่ 3 ฉ.1 ;ปีที่ 47 ฉบับที่ 1 ฉ.1 ;ปีที่ 47 ฉบับที่ 3 ฉ.1 ;ปีที่ 47 ฉบับที่ 1 ฉ.1 ;ปีที่ 48 ฉบับที่ 1 ฉ.1 ;ปีที่ 48 ฉบับที่ 2 ฉ.1 ;ปีที่ 48 ฉบับที่ 3 ฉ.1 ;ปีที่ 49 ฉบับที่ 1 ฉ.1
|
| 945 ^p0^l0^i802322
|
| 945 ^p0^l0^i802236
|
| 945 ^p0^l0^i802356
|
| 945 ^p0^l0^i800372
|
| 945 ^p0^l0^i800527
|
| 945 ^p0^l0^i800649
|
| 945 ^p0^l0^i800802
|
| 945 ^p0^l0^i800925
|
| 945 ^p0^l0^i801193
|
| 945 ^p0^l0^i801293
|
| 945 ^p0^l0^i801471
|
| 945 ^p0^l0^i801591
|
| 945 ^p0^l0^i801690
|
| 945 ^p0^l0^i801920
|
| 945 ^p0^l0^i802019
|
| 945 ^p0^l0^i802066
|
| 945 ^p0^l0^i802131
|
| 945 ^p0^l0^i802397
|
| 945 ^p0^l0^i802427
|
| 945 ^p0^l0^i802469
|
| 945 ^p0^l0^i802484
|
| 945 ^p0^l0^i802504
|
| 945 ^p0^l0^i802519
|
| 945 ^p0^l0^i802520
|
| 945 ^p0^l0^i802563
|
| 945 ^p0^l0^i802574
|
| 945 ^p0^l0^i802575
|
| 945 ^p0^l0^i802606
|
| 945 ^p0^l0^i802607
|
| 945 ^p0^l0^i802608
|
| 945 ^p0^l0^i802609
|
| 945 ^p0^l0^i802626 |